| 000 | 01317nmm a2200361 a 4500 | ||
|---|---|---|---|
| 001 | ocm000924611 | ||
| 003 | TR-IsHL | ||
| 005 | 20201028145532.0 | ||
| 008 | 150110s2014 tu tur | ||
| 007 | cr cn | ||
| 020 | _a9786059011211 | ||
| 035 |
_a924611 _b(N$T) |
||
| 050 | 0 | 4 |
_aPR2796.T82 _bM5 2014 |
| 090 | 0 | 4 |
_aPR2796.T82 _bM5 2014 |
| 100 | 1 | _aShakespeare, William | |
| 245 | 1 | 0 |
_aBir yaz gecesi rüyası _h[electronic resource] / _cWilliam Shakespeare ; İngilizceden çeviren Yeşim Mısırcı |
| 260 |
_aİstanbul : _bParola Yayınları, _c2014 |
||
| 300 | _a145 p. | ||
| 500 |
_aEserin özgün adı: A midsummer nights dream _xKaynakça (sayfa 144) var. _x |
||
| 650 | 4 | _aDil ve Edebiyat | |
| 650 | 4 | _aLanguage and Literature | |
| 650 | 0 |
_aTheseus (Greek mythology) _x Drama |
|
| 650 | 0 |
_aHippolyta (Greek mythology) _x Drama |
|
| 650 | 0 |
_aCourtship _x Drama |
|
| 650 | 0 |
_aAthens (Greece) _x Drama |
|
| 650 | 0 |
_aTheseus (Yunan mitolojisi) _x Drama |
|
| 650 | 0 |
_aHippolyta (Yunan mitolojisi) _x Drama |
|
| 650 | 0 |
_aKur _x Dram |
|
| 650 | 0 |
_aAtina (Yunanistan) _x Dram |
|
| 650 | 7 |
_aDRAMA / European / English, Irish, Scottish, Welsh _2bisacsh |
|
| 700 | 1 | _aMısırcı, Yeşim | |
| 856 | 4 | 0 | _uhttp://search.ebscohost.com/login.aspx?direct=true&scope=site&db=e011xww&AN=924611 |
| 999 |
_c9999 _d9999 |
||